The culture and history of the Tamils / (Record no. 59595)

MARC details
000 -LEADER
fixed length control field 00759cam a22002411i 4500
001 - CONTROL NUMBER
control field sa 64006262
003 - CONTROL NUMBER IDENTIFIER
control field DLC
005 - DATE AND TIME OF LATEST TRANSACTION
control field 20260227112038.0
008 - FIXED-LENGTH DATA ELEMENTS--GENERAL INFORMATION
fixed length control field 861007t19641963ii af b 001 0 eng
010 ## - LIBRARY OF CONGRESS CONTROL NUMBER
LC control number sa 64006262
035 ## - SYSTEM CONTROL NUMBER
System control number (OCoLC)17907908
040 ## - CATALOGING SOURCE
Original cataloging agency DLC
Transcribing agency MnU
Modifying agency PPT
-- OCoLC
-- DLC
042 ## - AUTHENTICATION CODE
Authentication code premarc
050 00 - LIBRARY OF CONGRESS CALL NUMBER
Classification number DS432.T3
Item number N5
100 2# - MAIN ENTRY--PERSONAL NAME
Personal name Nilakanta Sastri, K. A.
Fuller form of name (Kallidaikurichi Aiyah),
Dates associated with a name 1892-1975.
245 14 - TITLE STATEMENT
Title The culture and history of the Tamils /
Statement of responsibility, etc. K. A. Nilakanta Sastri.
250 ## - EDITION STATEMENT
Edition statement 1st ed.
260 ## - PUBLICATION, DISTRIBUTION, ETC.
Place of publication, distribution, etc. Calcutta :
Name of publisher, distributor, etc. K. L. Mukhopadhyay,
Date of publication, distribution, etc. 1964, c1963.
300 ## - PHYSICAL DESCRIPTION
Extent vi, 181 p., [6] leaves of plates :
Other physical details ill. ;
Dimensions 23 cm.
500 ## - GENERAL NOTE
General note Includes index.
504 ## - BIBLIOGRAPHY, ETC. NOTE
Bibliography, etc. note Bibliography: p. [173]-174.
650 #0 - SUBJECT ADDED ENTRY--TOPICAL TERM
Topical term or geographic name entry element Tamil (Indic people)

No items available.

Powered by Koha